000
00344nam a2200145Ia 4500
008
150201s2009 xx 000 0 und d
082
_a
619
_b
R09D
100
_a
DEFTARY, S.N.
245
_a
REPRODUETIVE ENDOCRINOLOGY INFERTILITY
250
_a
1ST
260
_b
B.I. PUB.
_a
DELHI
_c
2009
300
_a
444
650
_a
NURSING
942
_2
ddc
_c
BK
999
_c
2274
_d
2274